[Event "1st IRT 54th Aniv Martelli"]
[Site "Villa Martelli ARG"]
[Date "2008.07.08"]
[Round "1"]
[White "Bernal,G"]
[Black "Gonzalez Gimenez,J"]
[Result "1-0"]
[WhiteElo "2105"]
[BlackElo "1737"]

1.Nf3 d5 2.d4 e6 3.c4 Nf6 4.g3 Be7 5.Bg2 Nbd7 6.O-O O-O 7.Qc2 c6 8.b3 Re8
9.Nc3 Nf8 10.e4 dxe4 11.Nxe4 h6 12.Bb2 Ng6 13.Rad1 Qc7 14.Rfe1 b6 15.h4 Bb7
16.Nxf6+ Bxf6 17.h5 Ne7 18.Ne5 Rad8 19.Ng4 Bg5 20.f4 Bf6 21.Nxf6+ gxf6 22.d5 cxd5
23.Bxf6 dxc4 24.Rxd8 Rxd8 25.Bxb7 Qxb7 26.Qe2 Kh7 27.Qxc4 Qf3 28.Qc2+ Kg8
29.Bxe7 Qxg3+ 30.Qg2 Qxg2+ 31.Kxg2 Rd2+ 32.Kf3 Rxa2 33.Rg1+ Kh7 34.Bf6 Ra3
35.Rg7+ Kh8 36.Ke4 a5 37.Ke5 a4 38.bxa4 Rxa4 39.Rxf7+ Kg8 40.Rg7+ Kf8 41.Rh7 b5
42.Kxe6 Ra6+ 43.Kf5 b4 44.Rb7 Ra4 45.Kg6 Ke8 46.Re7+ Kf8 47.Kxh6 b3 48.Kg5 Ra5+
49.Kg6 Rb5 50.Re2 Rb6 51.h6 Rb8 52.h7 b2 53.h8=Q+  1-0

[Event "36th TCh-GRE"]
[Site "Kallithea Halkidiki GRE"]
[Date "2008.07.09"]
[Round "6"]
[White "Miroshnichenko,E"]
[Black "Jobava,Ba"]
[Result "1/2-1/2"]
[WhiteElo "2593"]
[BlackElo "2665"]

1.Nf3 d5 2.c4 e6 3.d4 Nf6 4.g3 Be7 5.Bg2 Nbd7 6.Qc2 O-O 7.O-O c6 8.Nbd2 b6
9.e4 Bb7 10.e5 Ne8 11.cxd5 cxd5 12.Re1 Rc8 13.Qd3 Qc7 14.Nf1 Qc2 15.Qxc2 Rxc2
16.Ne3 Rc8 17.Bd2  1/2-1/2

[Event "ch-PHI Finals"]
[Site "Mandaluyong PHI"]
[Date "2008.07.09"]
[Round "12"]
[White "Villamayor,B"]
[Black "Nadera,B"]
[Result "1-0"]
[WhiteElo "2469"]
[BlackElo "2401"]

1.Nf3 d5 2.c4 e6 3.d4 Nf6 4.g3 Be7 5.Bg2 O-O 6.O-O Nbd7 7.Qc2 b6 8.Ne5 Bb7
9.cxd5 Nxd5 10.Nc6 Nb4 11.Nxb4 Bxg2 12.Kxg2 Bxb4 13.Rd1 Nf6 14.e4 Qd7 15.Bg5 Be7
16.Nc3 c6 17.Qe2 h6 18.Be3 Rfd8 19.Qf3 Rac8 20.Rd2 Qe8 21.Rad1 Rd7 22.h3 Rcd8
23.a3 Rc8 24.g4 Rcd8 25.Bf4 Qf8 26.Rd3 Rc8 27.Be5 Rdd8 28.Bxf6 Bxf6 29.e5 Be7
30.Qe4 Rd7 31.f4 Qe8 32.Qf3 a5 33.f5 Bf8 34.h4 Qd8 35.Kh3 Qc7 36.fxe6 fxe6
37.g5 hxg5 38.hxg5 Rf7 39.Qh5 Rf5 40.Kg4 Be7 41.Ne4 Rd8 42.Rh1 Qd7 43.Nf6+ Bxf6
44.exf6 gxf6 45.Qh8+ Kf7 46.Rh7+ Kg6 47.Rg7+  1-0

[Event "XXVIII Open"]
[Site "Benasque ESP"]
[Date "2008.07.10"]
[Round "8"]
[White "Delchev,A"]
[Black "Ubilava,E"]
[Result "1/2-1/2"]
[WhiteElo "2618"]
[BlackElo "2525"]

1.d4 Nf6 2.c4 e6 3.Nf3 d5 4.g3 Be7 5.Bg2 O-O 6.O-O dxc4 7.Qc2 a6 8.Qxc4 b5
9.Qc2 Bb7 10.Bd2 Bd6 11.Re1 Be4 12.Qc1 Bb7 13.Bg5 Nbd7 14.e4 Be7 15.Nbd2 c5
16.e5 Nd5 17.Ne4 cxd4 18.Bxe7 Qxe7 19.Qd2 Ne3 20.fxe3 Bxe4 21.exd4 Bd5 22.Qg5 Qd8
23.b3 Qb6 24.Rad1 Rad8 25.Nh4 Nb8 26.Be4 Nc6 27.Nf3 h6 28.Qh4 f5 29.exf6 Rxf6
30.Kg2 Nb4 31.Bxd5 Rxd5 32.Rd2 Qd6 33.Qe4 Nc6 34.Ree2 Qd7 35.Rd3 Rxf3 36.Kxf3 Rxd4
37.Rxd4 Nxd4+ 38.Ke3 Nxe2 39.Qa8+ Kf7 40.Kxe2 Qd6 41.Qb7+ Kf6 42.Qf3+ Kg6
43.Qe4+ Kg5 44.h4+ Kf6 45.Qf3+ Ke5  1/2-1/2

[Event "36th TCh-GRE"]
[Site "Kallithea Halkidiki GRE"]
[Date "2008.07.10"]
[Round "7"]
[White "Gelashvili,T"]
[Black "Managadze,N"]
[Result "1-0"]
[WhiteElo "2612"]
[BlackElo "2444"]

1.d4 d5 2.Nf3 Nf6 3.c4 e6 4.g3 Be7 5.Bg2 O-O 6.O-O c6 7.Nc3 Nbd7 8.Bf4 b6
9.Rc1 Bb7 10.cxd5 exd5 11.Qb3 h6 12.Rfd1 Re8 13.Ne5 g5 14.Nxd7 Nxd7 15.Bd2 Nf6
16.e4 dxe4 17.Nxe4 Nxe4 18.Bxe4 Qxd4 19.Bg2 Qf6 20.Be3 Red8 21.Rxd8+ Rxd8
22.h3 Ba8 23.Rd1 Bb7 24.Qa4 Rxd1+ 25.Qxd1 Bc8 26.Qa4 Qxb2 27.Qxa7 Bf8 28.Bxb6 c5
29.a4 Be6 30.a5 c4 31.Bd4 Qb3 32.Qb6 Qxb6 33.axb6 Bd6 34.b7 Bb8 35.Kf1 Kf8
36.Bf6 Ke8 37.Bg7 h5 38.Bf6 g4 39.h4 Kd7 40.Bd4 Kd6 41.Be3 Kd7 42.Ke2 c3
43.Kd3 Be5 44.Bd4 c2 45.Kxc2 Bb8 46.Be3 Bc4 47.Kc3 Bb5 48.Bf4 Bxf4 49.gxf4 Kc7
50.Kd4 f6 51.Kc5 Ba4 52.b8=Q+ Kxb8 53.Kd6 Kc8 54.Ke7 f5 55.Bd5 Kc7 56.Be6 Bc2
57.Kf6 Kd8 58.Bxf5 Bd1 59.Bg6 Kd7 60.f5  1-0

[Event "ch-NOR Elite"]
[Site "Tonsberg NOR"]
[Date "2008.07.10"]
[Round "6"]
[White "Ekeberg,C"]
[Black "Tjomsland,S"]
[Result "1-0"]
[WhiteElo "2349"]
[BlackElo "2279"]

1.Nf3 Nf6 2.c4 e6 3.g3 d5 4.d4 Be7 5.Bg2 O-O 6.O-O dxc4 7.Qc2 a6 8.Qxc4 b5
9.Qc2 Bb7 10.Bd2 Bd6 11.a3 Be4 12.Qc1 Nc6 13.Qd1 Rb8 14.Bg5 h6 15.Bxf6 Qxf6
16.Nbd2 Bh7 17.e3 e5 18.Rc1 Rb6 19.Rxc6 Rxc6 20.Nxe5 Rc2 21.Nd7 Qe6 22.Nxf8 Bxf8
23.b4 Bd3 24.Re1 Qa2 25.Ne4 Bxe4 26.Bxe4 Rxf2 27.Bd5 Qxd5 28.Kxf2 Qa2+ 29.Re2 Qxa3
30.Rc2 Bd6 31.e4 Qxb4 32.e5 Bf8 33.Rxc7 a5 34.Kg2 a4 35.Qf3 Be7 36.Rc8+ Bf8
37.Rc7 Be7 38.Kh3 a3 39.Rc8+ Bf8 40.Rc7 Be7 41.d5 h5 42.d6 g5 43.Qxh5 Qe1
44.Rxe7 Qf1+ 45.Kg4  1-0

[Event "Maestro Open"]
[Site "Berdsk RUS"]
[Date "2008.07.11"]
[Round "4"]
[White "Ulienkov,V"]
[Black "Vasilyev,I"]
[Result "1-0"]
[WhiteElo "2163"]
[BlackElo "1781"]

1.d4 d5 2.c4 e6 3.Nf3 Nf6 4.g3 Be7 5.Bg2 O-O 6.O-O Nbd7 7.Qc2 c5 8.cxd5 Nxd5
9.Nc3 Nxc3 10.bxc3 cxd4 11.Nxd4 Nf6 12.Rb1 Nd5 13.Bd2 b6 14.e4 Nf6 15.Nc6 h6
16.e5  1-0

[Event "60th ch-MNE Women"]
[Site "Cetinje MNE"]
[Date "2008.07.11"]
[Round "5"]
[White "Vojinovic,J"]
[Black "Stojanovic,Mari"]
[Result "1/2-1/2"]
[WhiteElo "2289"]
[BlackElo "2189"]

1.d4 e6 2.c4 Nf6 3.g3 d5 4.Nf3 Be7 5.Bg2 O-O 6.O-O dxc4 7.Qc2 c5 8.dxc5 Bxc5
9.Ne5 Nbd7 10.Nxc4 Qe7  1/2-1/2

[Event "ch-SUI"]
[Site "Samnaun SUI"]
[Date "2008.07.11"]
[Round "2"]
[White "Raetsky,A"]
[Black "Huss,A"]
[Result "1/2-1/2"]
[WhiteElo "2421"]
[BlackElo "2378"]

1.d4 e6 2.c4 Nf6 3.g3 d5 4.Bg2 Be7 5.Nf3 O-O 6.O-O Nbd7 7.Qc2 c6 8.b3 b6
9.Bb2 Ba6 10.Nbd2 Rc8 11.e4 Qc7 12.Rfe1 Rfd8 13.Rad1 Qb8 14.Qb1 h6 15.a3 Bf8
16.e5 Ne8 17.cxd5 cxd5 18.Nf1 Bxf1 19.Bxf1 b5 20.Rc1 a5 21.Qd3 Nc7 22.Rc6 a4
23.Rec1 Nb6 24.Qc3 axb3 25.Rxc7 Rxc7 26.Qxc7 Qxc7 27.Rxc7 Na4 28.Bc3 b2 29.Nd2 Nxc3
30.Rxc3 b4 31.axb4 Bxb4 32.Rb3 Bxd2 33.Rxb2 Bc3 34.Re2 Bxd4 35.Kg2 Bc3 36.f4 g5
37.Kf3 Kg7 38.Rc2 Bd4 39.Rd2 Ba7 40.Ra2 Rd7 41.Bd3 Rc7 42.h4 Rc3 43.Rxa7 Rxd3+
44.Kg4 gxf4 45.gxf4 Re3 46.h5 d4 47.Rd7 d3 48.Rd8 f5+ 49.Kh4  1/2-1/2

[Event "Heart of Finland"]
[Site "Jyvaskyla FIN"]
[Date "2008.07.13"]
[Round "4"]
[White "Nyback,T"]
[Black "Agopov,M"]
[Result "1/2-1/2"]
[WhiteElo "2639"]
[BlackElo "2436"]

1.d4 Nf6 2.c4 e6 3.g3 d5 4.Nf3 Be7 5.Bg2 dxc4 6.O-O O-O 7.Qc2 a6 8.Qxc4 b5
9.Qc2 Bb7 10.Bd2 Be4 11.Qc1 Qc8 12.Bg5 Nbd7 13.Qf4 c5 14.Rc1 c4 15.b3 cxb3
16.axb3 Qb8 17.Qxb8 Rfxb8 18.Nbd2 Bb7 19.Ne5 Nxe5 20.Bxb7 Rxb7 21.dxe5 Nd5
22.Bxe7 Nxe7 23.Ne4 a5 24.Nd6 Rbb8 25.Rc5 a4 26.Rxb5 axb3 27.Rxa8 Rxa8 28.Rxb3 Nf5
29.Rb7 Nxd6 30.exd6 f6 31.Kg2 Rd8 32.Rb6 e5 33.f4 exf4 34.gxf4 f5 35.Kf3 Re8
36.Rb7 Rd8 37.d7 Kf7 38.Ke3 Ke6 39.Kd4 g6 40.e4 fxe4 41.Kxe4 Rxd7 42.Rxd7  1/2-1/2

[Event "Inautomarket Open"]
[Site "Minsk BLR"]
[Date "2008.07.13"]
[Round "4"]
[White "Stupak,K"]
[Black "Azarova,N"]
[Result "1/2-1/2"]
[WhiteElo "2458"]
[BlackElo "2299"]

1.d4 Nf6 2.g3 d5 3.Nf3 e6 4.Bg2 Be7 5.c4 O-O 6.O-O dxc4 7.Qc2 a6 8.Qxc4 b5
9.Qc2 Bb7 10.Bd2 Bd6 11.Rc1 Be4 12.Qd1 Qe7 13.Bg5 Bb7 14.Nbd2 Nbd7 15.e4 e5
16.Nh4 Qe6 17.Nf5 exd4 18.Bh3 Qe8 19.Nxd6 cxd6 20.Rc7 Rb8 21.Rac1 Kh8 22.f3 h6
23.Bxf6 Nxf6 24.Nb3 d5 25.Na5 Ba8 26.Rc8 Qe5 27.R8c5 Rbd8 28.Nb3 Qe7 29.e5 Qxe5
30.Qxd4 Qe2 31.Bg2 Rfe8 32.R5c2 Qe7 33.Bh3 Kg8 34.Nc5 Qe3+ 35.Qxe3 Rxe3 36.Nxa6 d4
37.Rc8 Rde8 38.Rxe8+ Nxe8 39.Rd1 d3 40.Bg2 g5 41.Nc5 g4 42.Rxd3 Rxd3 43.Nxd3 gxf3
44.Bh3 Nd6 45.Kf2 f5 46.Ke3 Kg7 47.b3 Kf6 48.Ne1 Ne4 49.Nxf3 Nc3 50.Nd4 Be4
51.a3 Ke5 52.Nf3+ Kd5 53.Bf1 Kc5 54.Nh4 Nd5+ 55.Kd2 b4 56.axb4+ Kxb4 57.Bc4 Kc5
58.Bd3 Nb4 59.Bxe4 fxe4 60.g4 Kd4 61.Nf5+ Ke5 62.Nxh6 Kf4 63.h3 e3+ 64.Ke2 Na2
65.Kd1 Nb4 66.Nf5 Kf3 67.Nxe3 Kxe3 68.g5 Nd5 69.g6 Kd3 70.g7 Nf6 71.h4 Ng8
72.h5 Kd4 73.b4 Kc4 74.Kd2 Kxb4 75.Kd3 Kc5 76.Ke4 Kd6 77.Kf5 Ke7 78.Kg6 Ke6
79.h6 Ne7+ 80.Kh7 Kf7 81.Kh8 Ng6+  1/2-1/2

[Event "19th Czech Infinity Open"]
[Site "Pardubice CZE"]
[Date "2008.07.13"]
[Round "4"]
[White "Kozlov,Ge"]
[Black "Pozzo,S"]
[Result "1-0"]
[WhiteElo "2258"]
[BlackElo "1980"]

1.d4 Nf6 2.c4 e6 3.Nf3 d5 4.g3 Be7 5.Bg2 b6 6.O-O Bb7 7.Nc3 Nbd7 8.Ne5 c5
9.Bf4 O-O 10.Rc1 Rc8 11.cxd5 Nxd5 12.Nxd7 Nxc3 13.Rxc3 Bxg2 14.Nxf8 Bxf1
15.Nxe6 fxe6 16.Kxf1 Qd5 17.Kg1 Rd8 18.Qa4 Qxd4 19.Qxa7 Qd1+ 20.Kg2 Bf6 21.Qxb6 Bxc3
22.Qxe6+ Kf8 23.bxc3 Qd5+ 24.Qxd5 Rxd5 25.a4  1-0

[Event "ch-SUI"]
[Site "Samnaun SUI"]
[Date "2008.07.13"]
[Round "4"]
[White "Carron,J"]
[Black "Huss,A"]
[Result "1-0"]
[WhiteElo "2401"]
[BlackElo "2378"]

1.d4 e6 2.c4 Nf6 3.g3 d5 4.Bg2 Be7 5.Nf3 O-O 6.O-O c6 7.Nc3 Nbd7 8.Qb3 b6
9.Bf4 Ba6 10.cxd5 Nxd5 11.Qa4 Nxf4 12.gxf4 Bb7 13.Rfd1 b5 14.Qc2 Qb6 15.Rac1 Nf6
16.Qb3 Rac8 17.e3 Ba6 18.Ne5 c5 19.dxc5 Bxc5 20.Ne4 Nxe4 21.Bxe4 Rcd8 22.Nd7 Rxd7
23.Rxd7 f5 24.Qc3 Rf6 25.Qxc5 Qxc5 26.Rxc5 fxe4  1-0

[Event "Ch-AY Boys U14"]
[Site "Tehran IRI"]
[Date "2008.07.16"]
[Round "1"]
[White "Vidit,S"]
[Black "Idani,P"]
[Result "1-0"]
[WhiteElo "2356"]
[BlackElo "1937"]

1.d4 d5 2.Nf3 Nf6 3.c4 e6 4.g3 Be7 5.Bg2 O-O 6.O-O dxc4 7.Qc2 Bd7 8.Qxc4 Bc6
9.Bg5 Ne4 10.Bxe7 Qxe7 11.Qc2 Nd6 12.Nc3 Nd7 13.Rfe1 f5 14.Rad1 Bxf3 15.exf3 Rf6
16.Nd5 Qf7 17.Nxf6+ Nxf6 18.Re5 Nd7 19.Re2 c6 20.Qb3 Nf8 21.f4 Kh8 22.a4 Rd8
23.Qc3 Qf6 24.Qc5 Nc8 25.b4 a6 26.b5 axb5 27.axb5 Qe7 28.Qc2 Qd6 29.bxc6 bxc6
30.Qxc6 Qxc6 31.Bxc6 Ne7 32.Bf3 Nd5 33.Bxd5 Rxd5 34.Re5 Rd6 35.d5 g6 36.Kf1 Kg7
37.Ke2 Kf6 38.dxe6 Rxe6 39.Rxe6+ Nxe6 40.Rd7 h6 41.Rh7 h5 42.Rd7 Nc5 43.Rd6+ Kf7
44.f3 Ne6 45.Ke3 Ke7 46.Rb6 Kf7 47.Kd3 h4 48.Rb4 hxg3 49.hxg3 Ng7 50.Rb7+ Kf6
51.Rb6+ Kf7 52.Kd4 Nh5 53.Ke5 Nxg3 54.Rb7+ Kf8 55.Kf6 Nh5+ 56.Kxg6 Nxf4+
57.Kxf5 Nd5 58.f4 Ne3+ 59.Ke6 Ng2 60.f5 Kg8  1-0

[Event "2nd LCT"]
[Site "Leiden NED"]
[Date "2008.07.17"]
[Round "6"]
[White "Horvath,Cs1"]
[Black "Van Ketel,R"]
[Result "1/2-1/2"]
[WhiteElo "2537"]
[BlackElo "2295"]

1.c4 e6 2.g3 Nf6 3.Bg2 d5 4.d4 Be7 5.Nf3 O-O 6.O-O dxc4 7.Qc2 a6 8.Qxc4 b5
9.Qc2 Bb7 10.Bd2 Bd6 11.a3 Nbd7 12.b4 Be4 13.Qb2 Nb6 14.Qc1 Nfd5 15.Bc3 Na4
16.Be1 Qe8 17.Nc3 Naxc3 18.Bxc3 Qc6 19.Bd2 Qb7 20.Ne1 Bxg2 21.Nxg2 Nb6 22.Ne3 Rfd8
23.Ra2 Rd7 24.Bc3 Re8 25.Rd1 Be7 26.Rc2 Red8 27.h4 Bf6 28.Ba1 h6 29.f3 Qb8
30.Kf2 Bxd4 31.Rxd4 Rxd4 32.Bxd4 Rxd4 33.Rxc7 Rd8 34.Qc6 Nc8 35.Rb7 Qd6 36.Qxd6 Rxd6
37.Ng4 f6 38.e4 Rc6 39.e5 h5 40.exf6 hxg4 41.Rxg7+ Kf8 42.fxg4 Nd6 43.g5 Rc3
44.g4 Ne4+ 45.Ke2 Rg3 46.h5 Rxg4 47.g6 Rh4 48.Ra7 Rh2+ 49.Kd3 Nxf6 50.Rf7+ Kg8
51.Rxf6 Rxh5 52.Rxe6 Rh3+ 53.Re3 Rh4 54.Kc2 Rg4 55.Re6 Rg2+ 56.Kc1 Rg1+ 57.Kd2 Rg2+
58.Ke1 a5 59.bxa5 Rg3 60.Rb6 Kg7 61.Kd2 Rxa3 62.Rxb5 Kxg6 63.Kc2 Kf6 64.Kb2 Ra4
65.Kb3 Ra1 66.Kb4 Ke6 67.Kc5 Kd7 68.Kb6 Kc8 69.Ka7 Kc7 70.a6 Kc6 71.Rb2 Kc7
72.Rc2+ Kd7 73.Rc5 Kd6 74.Rc3 Rb1 75.Rc8 Ra1 76.Kb7 Rb1+ 77.Ka8 Ra1 78.Ka7 Ra2
79.Rc4 Rb2 80.Ka8 Kd7 81.Ka7 Rb1 82.Rc2 Rb3 83.Rh2 Kc7 84.Rh7+ Kc8 85.Rb7 Ra3
86.Rb4 Rc3 87.Rh4 Kc7 88.Rh7+ Kc8 89.Ka8 Rc6 90.a7 Rc1 91.Rg7 Rc2 92.Rg8+  1/2-1/2

[Event "Ch-AY Boys U16"]
[Site "Tehran IRI"]
[Date "2008.07.17"]
[Round "3"]
[White "Dalir,A"]
[Black "Al Kaabi,A"]
[Result "1/2-1/2"]
[WhiteElo "2089"]
[BlackElo "1790"]

1.d4 Nf6 2.c4 e6 3.g3 d5 4.Bg2 Be7 5.Nf3 O-O 6.O-O c5 7.cxd5 exd5 8.Nc3 Nc6
9.Bg5 cxd4 10.Nxd4 Qb6 11.Nxc6 bxc6 12.Na4 Qa5 13.Rc1 Bd7 14.Qc2 Rac8 15.Nc5 Be6
16.Nxe6 fxe6 17.Bh3 Kf7 18.Qb3 Ne4 19.Bxe7 Kxe7 20.f3 Nd2 21.Qe3 Qb6 22.Rc5 Rf6
23.Rfc1 Nc4 24.Qf2 Rb8 25.b3 Kd6 26.b4 Rf7 27.Kg2 a5 28.R1xc4 dxc4 29.Qe3 Re7
30.Qd2+ Kc7 31.Rxa5 Rd8 32.Qg5 Kd6 33.a3 Qd4  1/2-1/2

[Event "Battle of Senta Open A"]
[Site "Senta SRB"]
[Date "2008.07.18"]
[Round "1"]
[White "Gavrilovic,L"]
[Black "Perunovic,Mio"]
[Result "0-1"]
[WhiteElo "2205"]
[BlackElo "2419"]

1.Nf3 Nf6 2.d4 e6 3.g3 d5 4.Bg2 Be7 5.c4 O-O 6.O-O c6 7.Qc2 Nbd7 8.Nbd2 b6
9.e4 Bb7 10.e5 Ne8 11.h4 Rc8 12.cxd5 exd5 13.b4 Nc7 14.Rb1 Ne6 15.Bh3 Rc7
16.Nb3 Re8 17.Bxe6 fxe6 18.Bg5 Nf8 19.Qd3 Qc8 20.Bxe7 Ba6 21.Qe3 Rexe7 22.Rfc1 Qe8
23.Nbd2 h6 24.a4 Rf7 25.Rb3 Ng6 26.Rbc3 Ne7 27.b5 Bb7 28.Qd3 Qc8 29.Qc2 Qf8
30.a5 bxa5 31.Qa2 Rc8 32.Qxa5 cxb5 33.Qxb5 Rxc3 34.Rxc3 Nc8 35.Nb3 Nb6 36.Kg2 Nc4
37.Nc5 Bc8 38.Qc6 Re7 39.Nd3 Bd7 40.Qc5 a5 41.Nf4 Rf7 42.Qa7 a4 43.Qa6 Rxf4
44.gxf4 Qxf4 45.Qa7 Be8 46.Qa8 Qg4+ 47.Kh1 Qh5 48.Qc8 Qg6 49.Nh2 Kh7 50.Rg3 Qe4+
51.f3 Qxh4 52.Rg4 Qe7 53.Qb8 Bg6 54.Rf4 Bf5 55.Qa8 Qg5 56.Rxf5 Qxf5 57.Qxa4 Qb1+
58.Kg2 Qb2+ 59.Kg3 Qxd4 60.Qc2+ Kh8 61.Ng4 Qg1+ 62.Kh4 Qh1+ 63.Kg3 Qh5 64.Qb3 Qg5
65.Kh3 h5 66.Nf6 gxf6 67.Qb8+ Kh7  0-1

[Event "Politiken Cup"]
[Site "Helsingor DEN"]
[Date "2008.07.19"]
[Round "1"]
[White "Gill,W"]
[Black "Pedersen,HB"]
[Result "0-1"]
[WhiteElo "1668"]
[BlackElo "2178"]

1.Nf3 Nf6 2.c4 e6 3.g3 d5 4.d4 Be7 5.Bg2 O-O 6.O-O dxc4 7.Ne5 c5 8.dxc5 Qc7
9.Nxc4 Rd8 10.Qb3 Nbd7 11.Nc3 Nxc5 12.Qc2 Na6 13.Ne3 Bd7 14.Bd2 Nb4 15.Qc1 Rac8
16.a3 Nc6 17.b4 Nd4 18.Qb2 Bc6 19.Bxc6 Qxc6 20.Rfe1 b5 21.Rac1 Qb6 22.Ng2 Ng4
23.Ne3 Ne5 24.Ne4 Rxc1 25.Bxc1 Qc6 26.Nc3 Bf6 27.Ncd1 Ndf3+  0-1

[Event "17th ch-MKD"]
[Site "Struga MKD"]
[Date "2008.07.19"]
[Round "6"]
[White "Petkovski,V"]
[Black "Sekulovska,V"]
[Result "1/2-1/2"]
[WhiteElo "2185"]
[BlackElo "2125"]

1.c4 e6 2.Nf3 d5 3.d4 Nf6 4.g3 Be7 5.Bg2 dxc4 6.Qa4+ Bd7 7.Qxc4 Bc6 8.O-O a6
9.Nbd2 b5 10.Qc2 Bb7 11.e4 Nbd7 12.e5 Nd5 13.Ne4 c5 14.Bg5 Nb4 15.Qe2 Bxe4
16.Qxe4 Nd5 17.Bxe7 Qxe7 18.dxc5 Nxc5 19.Qd4 O-O 20.Rac1 Rac8 21.Rfd1 h6
22.h4 Na4 23.Bf1 Qb4 24.Qxb4 Nxb4 25.a3 Nd5 26.b3 Nac3 27.Re1 Rc7 28.Kg2 Rfc8
29.Nd4 a5 30.Rc2 b4 31.axb4 axb4 32.Ra1 Rd8 33.Rd2 Ne4 34.Rc2 Rxc2 35.Nxc2 Ndc3
36.Nxb4 Rd2 37.Nd3 Nd1 38.Kf3 Nexf2 39.Be2 Nxd3 40.Rxd1 Nxe5+ 41.Ke3 Rb2
42.Rd8+ Kh7 43.Rb8 Kg6 44.Rb5 Kf6 45.Rb7 g5 46.hxg5+ hxg5 47.Rb8 Nc6 48.Rb6 Ne7
49.Kf3 g4+ 50.Kf2 Nd5 51.Rc6 Rxb3 52.Bxg4 Ne3 53.Bh5 Nf5 54.Rc7 Nxg3 55.Bxf7 Ne4+
56.Ke2  1/2-1/2

[Event "31st Taminco Open"]
[Site "Ghent BEL"]
[Date "2008.07.20"]
[Round "4"]
[White "Van Wessel,R"]
[Black "Krijgelmans,J"]
[Result "1-0"]
[WhiteElo "2307"]
[BlackElo "2132"]

1.d4 Nf6 2.c4 e6 3.g3 d5 4.Bg2 Be7 5.Nf3 O-O 6.Qc2 b6 7.O-O Bb7 8.Rd1 Nbd7
9.cxd5 exd5 10.Ne5 c5 11.Qa4 cxd4 12.Nxd7 Qxd7 13.Qxd4 Bc5 14.Qd3 Ng4 15.e3 Qe6
16.Nc3 Rad8 17.Nb5 Ba6 18.a4 d4 19.e4 Ne5 20.Qd2 Qb3 21.h3 Nf3+ 22.Bxf3 Qxf3
23.Qd3 Qh5 24.g4 Qh4 25.Bf4 Bb7 26.Re1 Rfe8 27.Re2 h5 28.f3 f5 29.b4 Bxb4
30.Qc4+ Kh8 31.Qxb4 fxe4 32.Nd6 Rf8 33.Nxb7 Rxf4 34.Qe1 Qxh3 35.Nxd8 exf3
36.Rh2 Qxg4+ 37.Kh1 Re4 38.Qg1  1-0

[Event "Politiken Cup"]
[Site "Helsingor DEN"]
[Date "2008.07.20"]
[Round "3"]
[White "Mchedlishvili,M"]
[Black "Arkhangelsky,B"]
[Result "1-0"]
[WhiteElo "2604"]
[BlackElo "2340"]

1.d4 d5 2.c4 e6 3.Nf3 Nf6 4.g3 Be7 5.Bg2 O-O 6.O-O dxc4 7.Qc2 a6 8.Qxc4 b5
9.Qc2 Bb7 10.Bd2 Be4 11.Qc1 Bd6 12.Bg5 Bb7 13.Nbd2 Nbd7 14.Nb3 h6 15.Bxf6 Nxf6
16.Rd1 a5 17.Nc5 Bxc5 18.Qxc5 Qd5 19.Qxc7 Rac8 20.Qxa5 Ne4 21.Ne1 f5 22.Nd3 Qxd4
23.Qxb5 Bd5 24.Qb4 Qa7 25.Rdc1 Rb8 26.Qe1 Rfc8 27.a3 Qd4 28.Rxc8+ Rxc8 29.Rc1 Rb8
30.Rc7 Bc4 31.Bf1 Bd5 32.Qc1 Kh7 33.Qf4 Rb3 34.e3 Qf6 35.h4 Nd2 36.Be2 Rxd3
37.Bxd3 Nf3+ 38.Kf1 Nh2+ 39.Ke1 Nf3+ 40.Kf1 Nh2+ 41.Ke1 Nf3+ 42.Kd1 Ne5 43.Bc2 Ng6
44.Qd4 Bf3+ 45.Kc1 e5 46.Qd7 e4 47.Qd4  1-0

[Event "Sun Pawn A"]
[Site "Illichevsk UKR"]
[Date "2008.07.20"]
[Round "1"]
[White "Arabidze,M"]
[Black "Poluektov,Y2"]
[Result "1/2-1/2"]
[WhiteElo "2152"]
[BlackElo "2350"]

1.d4 Nf6 2.c4 e6 3.g3 d5 4.Bg2 Be7 5.Nf3 O-O 6.O-O c6 7.Nc3 Nbd7 8.b3 b6
9.Nd2 Bb7 10.e4 Rc8 11.Bb2 Qc7 12.Re1 Bb4 13.a3 Bxc3 14.Bxc3 Rfd8 15.Qc2 a5
16.Rad1 c5 17.dxc5 Qxc5 18.exd5 exd5 19.Qb2 Re8 20.Rxe8+ Rxe8 21.Nf1 a4 22.cxd5 axb3
23.Qxb3 Re2 24.Bd4 Bxd5 25.Bxd5 Qxd5 26.Qxd5 Nxd5 27.Bxg7 Kxg7 28.Rxd5 Nf6
29.Rd2 Re1 30.Rb2 Ra1 31.Rxb6 Ne4 32.Kg2 Ra2 33.Kf3 f5 34.Rb1 Rxf2+ 35.Ke3 Ra2
36.Kf4 Rxa3 37.Kxf5 Nd6+ 38.Kf4 Ra4+ 39.Kf3 Ra3+ 40.Kg4 Ra4+ 41.Kh3 Ne4 42.Rb2 Ra3
43.Re2 Nf6 44.Ne3 Kg6 45.Ng2 Nd5 46.Rd2 Nf6 47.Nf4+ Kf5 48.Rb2 Ra5 49.Rb7 Kg5
50.Rg7+ Kh6 51.Rf7 Kg5 52.Rb7 Kf5 53.Rg7 Ra2 54.Rf7 Kg5 55.Rb7 Ra5 56.Ne6+ Kg6
57.Nf8+ Kh6 58.Rf7 Ra6 59.g4 Kg5 60.Rg7+ Kh6 61.Rb7 Ra4 62.Rb6 Kg7 63.Ne6+ Kf7
64.Ng5+ Kg7 65.Ne6+ Kf7 66.Ng5+ Kg7 67.Ne6+ Kf7  1/2-1/2

[Event "41st Festival MTO"]
[Site "Biel SUI"]
[Date "2008.07.22"]
[Round "2"]
[White "Skoberne,J"]
[Black "Georg,Mi"]
[Result "1/2-1/2"]
[WhiteElo "2499"]
[BlackElo "2223"]

1.c4 e6 2.Nf3 d5 3.g3 Nf6 4.d4 Be7 5.Bg2 O-O 6.O-O c6 7.Qc2 Nbd7 8.Nbd2 b6
9.e4 Ba6 10.b3 Rc8 11.Bb2 c5 12.exd5 exd5 13.Qf5 dxc4 14.Nxc4 cxd4 15.Nxd4 Rc5
16.Qf3 Bxc4 17.bxc4 Ne5 18.Qe2 Ng6 19.f4 Re8 20.Kh1 Qc8 21.Rac1 Bf8 22.Qf3 Rxc4
23.Nc6 Rxc1 24.Rxc1 Qa6 25.f5 Ne7 26.Bxf6 gxf6 27.Re1 Qxa2 28.Qd3 Qf2 29.Re2 Qc5
30.Rc2  1/2-1/2

[Event "19th Czech Chladek & Tintera A Open"]
[Site "Pardubice CZE"]
[Date "2008.07.22"]
[Round "5"]
[White "Jirka,J"]
[Black "Denisov,I"]
[Result "1-0"]
[WhiteElo "2457"]
[BlackElo "2169"]

1.d4 Nf6 2.c4 e6 3.g3 d5 4.Bg2 Be7 5.Nf3 O-O 6.O-O dxc4 7.Nc3 Nbd7 8.e4 c6
9.a4 a5 10.Bf4 Bb4 11.Nd2 Bxc3 12.bxc3 b5 13.Bd6 Re8 14.e5 Nd5 15.Ne4 b4
16.Qh5 h6 17.Rfc1 Ba6 18.Rab1 bxc3 19.Qd1 N7b6 20.Bc5 Nc8 21.Nxc3 Qc7 22.Ne4 Rd8
23.Bf1 Ndb6 24.Qc2 Rb8 25.Nd6 Nd5 26.Rxb8 Qxb8 27.Rb1 Qc7 28.Nxc4 Bxc4 29.Qxc4 Ncb6
30.Qb3 Nxa4 31.Qxa4 Nc3 32.Qa1 Nxb1 33.Qxb1 Rb8 34.Qe4 Ra8 35.Bb5 Rc8 36.Bd3 g6
37.Qf4 Kh7 38.h4 a4 39.h5 Rg8 40.hxg6+ fxg6 41.Bf8 Rg7 42.Bxg7 Qxg7 43.Qc1 Qb7
44.Qc5 Kg8 45.Bxg6 Kg7 46.Be4 Kf7 47.Bxc6 Qb3 48.d5 a3 49.dxe6+ Kg7 50.Qe7+ Kg6
51.Be4+ Kh5 52.Qh4+  1-0

[Event "Politiken Cup"]
[Site "Helsingor DEN"]
[Date "2008.07.23"]
[Round "6"]
[White "Nguyen,Mi"]
[Black "Bulski,K"]
[Result "0-1"]
[WhiteElo "2174"]
[BlackElo "2388"]

1.d4 Nf6 2.c4 e6 3.g3 d5 4.Bg2 Be7 5.Nf3 O-O 6.O-O b6 7.Nc3 Bb7 8.Ne5 Ne4
9.Qc2 f6 10.Nd3 Nc6 11.e3 Nxc3 12.Qxc3 Qd7 13.Nf4 Nb4 14.a3 Na6 15.b4 c6
16.Bb2 Nc7 17.e4 dxc4 18.Rfd1 b5 19.Rd2 Bd6 20.Ne2 Qf7 21.f4 f5 22.e5 Be7
23.a4 a6 24.a5 Rfd8 25.Ba3 h6 26.Qe3 Rab8 27.Nc3 Kh8 28.Bf3 c5 29.dxc5 Rxd2
30.Qxd2 Bxf3 31.Qd7 Bxc5+  0-1

[Event "41st Festival MTO"]
[Site "Biel SUI"]
[Date "2008.07.25"]
[Round "5"]
[White "Belov,Vl"]
[Black "Ramesh,R"]
[Result "1/2-1/2"]
[WhiteElo "2561"]
[BlackElo "2478"]

1.d4 Nf6 2.c4 e6 3.g3 d5 4.Bg2 Be7 5.Nf3 O-O 6.O-O dxc4 7.Qc2 a6 8.Qxc4 b5
9.Qc2 Bb7 10.Bd2 Bd6 11.Rd1 Be4 12.Qc1 Bb7 13.Bg5 Nbd7 14.Ne5 Bxg2 15.Kxg2 Qb8
16.Bxf6 Nxf6 17.Qc6 Bxe5 18.dxe5 Ng4 19.Qe4 f5 20.exf6 Nxf6 21.Qc6 Qe8 22.Qxe8 Raxe8
23.Nd2 c5 24.Rdc1 Rd8 25.Nf3 Ne4  1/2-1/2

[Event "Sun Pawn B"]
[Site "Illichevsk UKR"]
[Date "2008.07.25"]
[Round "6"]
[White "Agafii,V"]
[Black "Razin,V"]
[Result "0-1"]
[WhiteElo "2306"]
[BlackElo "2288"]

1.c4 e6 2.g3 d5 3.Bg2 Nf6 4.d4 Be7 5.Nf3 O-O 6.O-O Nbd7 7.Nc3 dxc4 8.e4 c5
9.e5 Nd5 10.Ne4 h6 11.h4 b6 12.Qa4 a5 13.dxc5 bxc5 14.a3 Qc7 15.Bf4 Ba6 16.Nc3 N7b6
17.Qc2 Nxc3 18.bxc3 Rad8 19.Rab1 Rd7 20.Qb2 Nd5 21.Bd2 Rfd8 22.Rfe1 Bb7 23.Qb5 Bc6
24.Qxc4 Nb6 25.Qb3 Bxf3 26.Bxf3 Rxd2 27.Qxb6 Qxb6 28.Rxb6 R2d3 29.Be2 Rxc3
30.a4 Rd4 31.Bb5 c4 32.Rc6 Rc2 33.Re3 g5 34.hxg5 hxg5 35.Rc8+ Bd8 36.Bc6 Kg7
37.Rf3 g4 38.Rf4 Rxf4 39.gxf4 Bb6 40.Bb5 c3 41.Kg2 Bxf2 42.Bd3 Rd2 43.Bb1 Bh4+  0-1

[Event "III Open"]
[Site "Oviedo ESP"]
[Date "2008.07.25"]
[Round "3"]
[White "Filip,L"]
[Black "Vega Viejo,M"]
[Result "1-0"]
[WhiteElo "2461"]
[BlackElo "2180"]

1.Nf3 Nf6 2.c4 e6 3.g3 d5 4.d4 Be7 5.Bg2 O-O 6.O-O Nbd7 7.Qc2 c6 8.Nbd2 b6
9.b3 Bb7 10.Bb2 Rc8 11.e4 c5 12.exd5 exd5 13.Rad1 dxc4 14.Nxc4 Qc7 15.dxc5 Be4
16.Qe2 Bxc5 17.Nfe5 Bxg2 18.Nxd7 Nxd7 19.Qg4 g6 20.Rxd7 Bf3 21.Qxf3  1-0

[Event "19th Czech Chladek & Tintera A Open"]
[Site "Pardubice CZE"]
[Date "2008.07.25"]
[Round "8"]
[White "Mikhalevski,A"]
[Black "Molnar,P SVK"]
[Result "1-0"]
[WhiteElo "2448"]
[BlackElo "2306"]

1.d4 Nf6 2.c4 e6 3.Nf3 d5 4.g3 Be7 5.Bg2 O-O 6.Qc2 c6 7.O-O Nbd7 8.b3 b6
9.Rd1 Ba6 10.Nbd2 Rc8 11.e4 c5 12.exd5 exd5 13.Bb2 Re8 14.Qf5 g6 15.Qh3 Bb7
16.Nf1 Qc7 17.Ne3 dxc4 18.d5 cxb3 19.axb3 a6 20.Ng5 h5 21.d6 Bxg2 22.Qxg2 Bxd6
23.Nd5 Qd8 24.Nxf6+ Nxf6 25.Qf3 Kg7 26.Ne4 Rxe4 27.Qxe4 Qe7 28.Qf3  1-0

[Event "Politiken Cup"]
[Site "Helsingor DEN"]
[Date "2008.07.26"]
[Round "9"]
[White "Jorgensen,D"]
[Black "Arkhangelsky,B"]
[Result "1/2-1/2"]
[WhiteElo "2167"]
[BlackElo "2340"]

1.d4 Nf6 2.Nf3 e6 3.c4 d5 4.g3 Be7 5.Bg2 O-O 6.O-O dxc4 7.Qc2 a6 8.Qxc4 b5
9.Qc2 Bb7 10.Bd2 Be4 11.Qc1 Qc8 12.Bg5 Nbd7 13.Nbd2 Bb7 14.Nb3 Bd5 15.Qc2 Be4
16.Qd2 Qb7 17.Rac1 Rfd8 18.Qa5 Rac8 19.Rfd1 h6 20.Bxf6 Bxf6 21.Qb4 Qb8 22.Nc5 Be7
23.Qc3 Nxc5 24.dxc5 Bf6 25.Qa3 a5 26.Ne1 b4 27.Qb3 a4 28.Qxa4 Bxg2 29.Nxg2 Rxd1+
30.Rxd1 b3 31.Qc4 Bxb2 32.Nf4  1/2-1/2